Class structure without politics or history? (Record no. 523969)

000 -LEADER
fixed length control field 01262nam a22001457a 4500
008 - FIXED-LENGTH DATA ELEMENTS--GENERAL INFORMATION
fixed length control field 231018b ||||| |||| 00| 0 eng d
100 ## - MAIN ENTRY--PERSONAL NAME
Personal name Pfaler, Lauri Von
245 ## - TITLE STATEMENT
Title Class structure without politics or history?
260 ## - PUBLICATION, DISTRIBUTION, ETC. (IMPRINT)
Place of publication, distribution, etc International Sociology Reviews
300 ## - PHYSICAL DESCRIPTION
Extent 38(5), Sep, 2023: p.541-551
520 ## - SUMMARY, ETC.
Summary, etc This review essay considers Vivek Chibber’s social theory of capitalism critically and develops some of the themes that a historicist social theory of capitalist stability should integrate theoretically. I start by outlining Chibber’s notable book and present its key claim about the materiality and primacy of class structure in terms of economic decision-making. I then point out the limits and antinomies of structural theory as a historical explanation, sketch the contours of a historicist methodology and provide examples of three political phenomena that are irreducible to the class structure but that have been central for the reproduction of capitalism. The final section considers the political consequences of my historicist criticism of Chibber. – Reproduced
https://journals.sagepub.com/doi/abs/10.1177/02685809231194130
773 ## - HOST ITEM ENTRY
Main entry heading International Sociology Reviews
906 ## - LOCAL DATA ELEMENT F, LDF (RLIN)
Subject DIP CAPITALISM
942 ## - ADDED ENTRY ELEMENTS (KOHA)
Item type Articles
Holdings
Withdrawn status Lost status Source of classification or shelving scheme Damaged status Not for loan Permanent location Current location Date acquired Serial Enumeration / chronology Barcode Date last seen Koha item type
          Indian Institute of Public Administration Indian Institute of Public Administration 2023-10-18 38(5), Sep, 2023: p.541-551 AR129853 2023-10-18 Articles

Powered by Koha